| 000 | 00835nmc a2200313 a 4500 | ||
|---|---|---|---|
| 003 | AR-BaBNM | ||
| 005 | 20251128210702.0 | ||
| 008 | 110120s1996 ||||||||||||||000 | spa|| | ||
| 020 | _a84-487-0614-5 | ||
| 040 | _cAR-BaBNM | ||
| 100 | 1 | _aLuna, Félix | |
| 245 | 1 | 0 | _aSoy Roca |
| 260 |
_aBarcelona _bAltaya _c1996 |
||
| 300 |
_a497 p. _bil. |
||
| 490 | 0 | _aNovela histórica | |
| 500 | _aContiene referencias bibliográficas para consultar | ||
| 600 | 1 | 4 |
_aRoca, Julio Argentino _d1880-1886 |
| 600 | 0 | 4 |
_aJuarez Celman _d1886-1890 |
| 650 | 4 | _aLITERATURA ARGENTINA | |
| 650 | 4 | _aHISTORIA ARGENTINA | |
| 650 | 4 | _aBIOGRAFIAS | |
| 650 | 4 | _aGENERACION DE 1880 | |
| 650 | 4 | _aCONQUISTA DEL DESIERTO | |
| 650 | 4 | _aUNICATO | |
| 650 | 4 | _aREVOLUCION DE 1890 | |
| 653 | _aNOVELA HISTORICA | ||
| 942 | _cBK | ||
| 998 | _cMariana | ||
| 999 |
_c16434 _d16434 |
||